000 00421nam a2200133Ia 4500
008 240521s9999 xx 000 0 und d
082 _a641.5
_bKIR
100 _aக்ருஷ்ணி கோவிந்த்
245 0 _aசீக்ரெட் கிச்சன்
260 _bசூரியன் பதிப்பகம்
_c2018
300 _a191 pages
650 _aசமையல்
942 _cTAMIL
999 _c501850
_d501850